Understanding human behaviour (Record no. 1686)

MARC details
000 -LEADER
fixed length control field 00459nam a2200169Ia 4500
008 - FIXED-LENGTH DATA ELEMENTS--GENERAL INFORMATION
fixed length control field 230917s9999||||xx |||||||||||||| ||und||
020 ## - ISBN
Price RS 1695.00
040 ## - CATALOGING SOURCE
-- 5015423
Original cataloging agency VIVEKANANDA LIBRARY
041 ## - Language
-- English
082 ## - DDC NUMBER
Classification number 150 A98U
100 ## - MAIN ENTRY--PERSONAL NAME
Personal name Agyajit Singh
245 #0 - TITLE STATEMENT
Title Understanding human behaviour
260 ## - PUBLICATION, DISTRIBUTION, ETC. (IMPRINT)
Place of publication, distribution, etc New Delhi
Name of publisher, distributor, etc Psycho Information Technologies
Date of publication, distribution, etc 2019
300 ## - PHYSICAL DESCRIPTION
Pages 288 p.
500 ## - GENERAL NOTE
General note 4011 03/02/2020 FP20/599 10/02/2020 Main Budget
942 ## - ADDED ENTRY ELEMENTS (KOHA)
Koha item type Books
Holdings
Withdrawn status Lost status Damaged status Not for loan Location (home branch) Sublocation or collection (holding branch) Date acquired Koha issues (times borrowed) Koha full call number Accession No. Koha date last seen Koha item type
        VIVEKANANDA LIBRARY VIVEKANANDA LIBRARY 28/02/2020 1 150 A98U 396578 03/02/2026 Books
© Designed and Maintained by Vivekananda Library, MDU Rohtak